ROLE MODEL - Complete Discography - Statistics

General Stats
  • This quiz has been taken 91 times
    26 since last reset
  • The average score is 33 of 57
Answer Stats
# Title % Correct
9. (Interlude) Slut Era
100%
4. Oh, Gemini
94%
11. rx
94%
2. Sally, When The Wine Runs Out
94%
1. Writing's On The Wall
94%
2. Look At That Woman
89%
10.(Lizzy Mcalpine) So Far Gone
89%
5. Frances
83%
1. Old Recliners
83%
3. Scumbag
83%
3. Some Protector
83%
8. Deeply Still In Love
78%
11. Slipfast
78%
13. Something, Somehow, Someday
78%
6. Superglue
78%
4. The Longest Goodbye
78%
(2023) a little more time
72%
3. blind
72%
12. Compromise
72%
6. masturbation song
72%
(Spotify Singles) Somebody Else
72%
7. The Dinner
72%
(2020-acoustic) notice me
67%
4. (BENEE) notice me
67%
3. that's just how it goes
61%
1. die for my bitch
56%
5. if jesus saves, she's my type
56%
7. neverletyougo
56%
(2025) Saddle Again
56%
(2021) death wish
50%
3. forever&more
50%
4. save a seat
50%
(2019) the climb
50%
1. alive
44%
(2022) cross your mind
44%
2. for the people in the back
44%
(2017) girl in new york
44%
8. stripclubmusic
44%
3. super model
44%
2. who hurt you
44%
10. can you say the same
39%
2. hello!
39%
1. i don't rly like u
39%
(2018) play the part
39%
(2017-Patches) Puerto Rican
39%
(2018) six speed
39%
2. stolen car
39%
5. going out
33%
1. gucci chair
33%
(2019) minimal
33%
5. say it first
33%
4. doyouseeit
28%
9. life is funny
28%
6. thank you for coming
28%
(2018) not a fan
22%
6. better the first time
17%
4. never give up
17%
No matching quizzes found
Score Distribution
Percent of People with Each Score
Percentile by Number Answered
Your Score History
You have not taken this quiz since the last reset